| 000 | 00565nam a2200217Ia 4500 | ||
|---|---|---|---|
| 003 | 0100 | ||
| 008 | 130303s9999 xx 000 0 und d | ||
| 040 | _cARRUPELIB | ||
| 050 | _aBR270.O9 | ||
| 100 | _aOzment, Steven | ||
| 245 | 4 | _aThe age of reform (1250-1555) | |
| 245 | _ban intellectual and religious history of late medieval and Reformation Europe | ||
| 260 | _aNew Haven | ||
| 260 | _bYale University Press | ||
| 260 | _C1980 | ||
| 300 | _axii | ||
| 300 | _b 458p. 26cm. | ||
| 650 | _bSubject--Heading | ||
| 700 | _aSteven Ozment | ||
| 942 | 0 | 0 | _01 |
| 999 |
_c26077 _d26077 |
||